| 000 | 00797nam a2200289Ia 4500 | ||
|---|---|---|---|
| 005 | 20260324143757.0 | ||
| 008 | 008 260324s9999 xx 000 0 eng d | ||
| 020 | _a9781315788999 | ||
| 037 | _aEBOOK | ||
| 040 | _aCRL | ||
| 040 | _beng | ||
| 040 | _cCRL | ||
| 041 | _2eng | ||
| 041 | _aeng | ||
| 084 | _qCRL | ||
| 100 |
_aMichael L. Commons; Richard J. Herrnstein; David B. Mumford; Stephen M. Kosslyn _91216885 |
||
| 245 | 0 | _aBehavioral Approaches to Pattern Recognition and Concept Formation | |
| 245 | 0 | _bQuantitative Analyses of Behavior, Volume VIII | |
| 260 | _bTaylor and Francis | ||
| 260 | _c1990 | ||
| 365 | _a | ||
| 365 | _b145 | ||
| 856 | _uhttp://www.taylorfrancis.com/books/9781315788999 | ||
| 942 | _cEBOOK | ||
| 999 |
_c1822690 _d1822690 |
||